Sharks by Picture Quiz - Statistics

General Stats
  • This quiz has been taken 358 times
  • The average score is 11 of 15
Answer Stats
Picture Answer % Correct
Hammerhead shark
99%
Tiger shark
93%
Blacktip reef shark
91%
Bull shark
89%
Shortfin mako shark
84%
Whale shark
82%
Great white shark
80%
Basking shark
78%
Blue shark
77%
Oceanic whitetip shark
74%
Greenland shark
70%
Lemon shark
60%
Nurse shark
57%
Sand tiger shark
54%
Grey reef shark
20%
No matching quizzes found
Score Distribution
Percent of People with Each Score
Percentile by Number Answered
Your Score History
You have not taken this quiz